000 00534pab a2200181 454500
008 180718b2014 xxu||||| |||| 00| 0 eng d
100 _aTeller, Juliane
245 _aRisk management in project portfolios is more than managing project risk: A contingency perspective on risk management
260 _c2014
300 _ap.67-80.
362 _aAug-Sep
650 _aProject management
700 _aGemunden, Hans Georg
700 _aKock, Alexander
773 _aProject Management Journal
908 _aN
909 _a105339
999 _c105334
_d105334